JAKIE GRY MOŻNA ZNALEŹĆ W KASYNIE? - Statystyki

Ogólne statystyki
  • Ten quiz został rozwiązany 93 razy
  • Średni wynik to 3 z 5
Statystyki odpowiedzi
Odpowiedź % Poprawnych
POKER
96%
RULETKA
93%
BLACKJACK
82%
JEDNORĘKI BANDYTA
42%
KOŚCI
23%
Nie znaleziono quizów pasujących do podanych kryteriów
Rozkład punktacji
Procent ludzi z każdym wynikiem
Percentyl według liczby udzielonych odpowiedzi
Twoja historia wyników
Nie rozwiązałeś tego quizu